Komparácia zahraničnoobchodnej pozície krajín V4 a jej vplyv na vývoj podnikateľského prostredia diplomová práca

Enregistré dans:
Détails bibliographiques
Auteur principal: Gombitová, Alexandra
Collectivité auteur: Obchodná fakulta EU. Katedra medzinárodného obchodu
Autres auteurs: Sopková, Gabriela
Format: Livre
Langue:slovaque
Publié: Bratislava 2019
Tags: Ajouter un tag
Pas de tags, Soyez le premier à ajouter un tag!

MARC

LEADER 00000nbm a2200000 4500
001 0254075
005 20191004134822.4
041 0 |a slo 
044 |a SK 
245 1 0 |a Komparácia zahraničnoobchodnej pozície krajín V4 a jej vplyv na vývoj podnikateľského prostredia  |b diplomová práca  |c Alexandra Gombitová ; školiteľ: Gabriela Sopková 
264 1 |a Bratislava  |c 2019 
300 |a 71 s. 
100 1 |a Gombitová, Alexandra 
700 1 |a Sopková, Gabriela 
710 2 |a Obchodná fakulta EU. Katedra medzinárodného obchodu